Normal view
MARC view
- Oyola, Carlos A.
Entry Nombre Personal
001 - NUMERO DE CONTROL
- campo de control: 47463
003 - IDENTIFICADOR DE NUMERO DE CONTROL
- campo de control: DLC
005 - FECHA Y HORA DE LA ÜLTIMA TRANSACCIÓN
- campo de control: 20221124094442.0
008 - DATOS DE LONGITUD FIJA
- campo de control de longitud fija: 221124n| acannaab| |n aaa |||
010 ## - NÚMERO DE CONTROL DE LA BIBLIOTECA DEL CONGRESO
- Número de control LC: n 98064752
040 ## - FUENTE DE CATALOGACIÓN
- Agencia original de catalogación: DLC
- Agencia de transcripción: DLC
- Lenguaje de catalogación: spa
- Agencia que lo modifica: MX-MxUPN
100 10 - ENCABEZAMIENTO - NOMBRE PERSONAL
- Nombre personal: Oyola, Carlos A.
670 ## - FUENTE EN LA QUE SE LOCALIZARON DATOS
- Cita de la fuente: Innovaciones educativas, 1998:
- Información localizada: portada (Carlos A. Oyola, Universidad Nacional del Comahue)
902 ## - CATALOGADOR
- Catalogador: NDAF/241122
